000 00667nam a2200241Ia 4500
003 OSt
005 20220918222004.0
006 a|||||r|||| 00| 0
007 ta
008 220917b |||||||| |||| 00| 0 eng d
024 _a214,165
037 _cTextual
040 _aARTS
_cARTS
_beng
041 _2eng
_aeng
082 _aX:(Z), P0
100 _aFriedman David D.
_9141890
245 0 _aLaw's order
_b What economics has to do with law and why it matters
260 _aPrinceton
_bPrinceton university
_c2000
300 _a329 p
_ccm.
650 _aECONOMICS
942 _hX:(Z), P0
_cTEXL
_2CC
999 _c274195
_d274195